000
00177nam a22000977a 4500
041
_a
eng
080
_a
80
100
_a
Chamberlin, W. H.
245
_a
The Ukraine
999
_c
280404
_d
280404
942
_c
BK